000
00334 a2200157 4500
001
150188
040
_c
Escola São Tomás de Aquino
100
_a
JOSÉ, Elias
240
1
0
_a
Aquerelas do Brasil
_l
por
245
1
0
_a
Aquerelas do Brasil
300
_a
40
362
0
_a
2013
440
1
_a
Miguilim
697
_a
Poesia
942
_c
BK
999
_c
150188
_d
150188